Fundamentos de Cristología

保存先:
書誌詳細
第一著者: González de Cardedal, Olegario (著者)
フォーマット: 図書
言語:スペイン語
出版事項: Madrid Biblioteca de Autores Cristianos 2005
版:1a. ed
主題:
タグ: タグ追加
タグなし, このレコードへの初めてのタグを付けませんか!

MARC

LEADER 00000cam a2200000 a 4500
001 UCC1848
003 CL-VaPUC
008 171201e20050000sp |||||||||||||||||spa|d
020 |a 847914758Xo.c 
020 |a 8479147598t.1 
020 |a 8479148179t.2 
082 0 4 |a 232  |b GON  |2 21 
100 0 |a González de Cardedal, Olegario  |e author  |9 495813 
245 1 0 |a Fundamentos de Cristología 
250 |a 1a. ed 
300 |a t 
942 |c BK 
945 |d 20171201 13:56:00  |a dcastane 
260 |a Madrid  |b Biblioteca de Autores Cristianos  |c 2005 
500 |a t.1:el camino 
500 |a t.2: meta y misterio 
650 0 |a Cristología   |9 315091 
650 0 |a Textos sagrados   |9 257605 
650 0 |a Vida de Jesús  |9 478097 
583 |a last modification  |c 20171201 13:56:00  |k Rodrigo Vera 
999 |c 370197  |d 370195 
952 |0 0  |1 0  |3 erd  |4 0  |6 232_000000000000000_GON_2005  |7 0  |8 A  |9 486527  |a BIBTEO  |b BIBTEO  |h t.1  |i 5440076  |l 12  |o 232 GON 2005  |p 5440076  |r 2025-01-17  |s 2024-07-12  |w 2019-11-24  |y BK  |z Catalogado en:20171201  |k ICR 
952 |0 0  |1 0  |3 erd  |4 0  |6 232_000000000000000_GON_2005  |7 0  |8 A  |9 486528  |a BIBTEO  |b BIBMUS  |h t.2  |i 5440084  |l 1  |m 1  |o 232 GON 2005  |p 5440084  |r 2025-01-17  |s 2024-08-28  |w 2019-11-24  |y BK  |z Catalogado en:20171201  |k ICR